Blue Prince - Hard - Statistiques

Statistiques générales
  • Ce quiz a été pris 7 fois
  • Le résultat moyen est 8 sur 17
Statistiques - réponses
Hint Réponse % Correct
How many dartboard puzzles are required to be solved to unlock the trophy? 40
100%
How many blue rooms can there be found? 56
86%
In which room(s) can you find a black rook? Conservatory/Clock Tower
86%
Which realm can be found west of Verra? Corarica
57%
Which Ajeran Angel can also be refered to as the "Chef"? Joya
57%
Which realm can be associated with white flags? Mora Jai
57%
Who do you play as? Simon P. Jones
57%
How did Marion Marigold name her last book? The Blue Prince
57%
What is the first room to appear in the Mt. Holly directory? The Foundation
57%
What is the solution to the Baron Bafflers puzzle? Mantis
43%
Who is the grandmother of the protagonist? Clara Epsen
29%
Which room becomes Room 46 after uncovering the "True Path"? Furnace
29%
What is the Erajan word for "water"? Lune
29%
What does "Nevyait" mean in Erajan? New Gate
29%
What password allows accessing the Security recordings? SWANSONGHSS
29%
Who built Mt. Holly? Auravei
14%
"denoted in verse" is an anagram of which phrase relating to the Spiral of Stars? it never ends?
14%
Aucun quiz correspondant
Distribution des résultats
% des personnes avec chaque résultat
Percentile par nombre de réponses
Votre historique - résultats
Vous n’avez pas pris ce quiz